[Event "Mallorca-chT Preferente"]
[Site "Mallorca"]
[Date "2021.04.17"]
[Round "6"]
[White "Munar Messegue, David"]
[Black "Blando Cuello, Jose"]
[Result "1-0"]
[WhiteElo "1586"]
[BlackElo "1649"]
[PlyCount "57"]
[EventDate "2021.03.06"]
[EventType "team-swiss"]
[EventRounds "7"]
[EventCountry "ESP"]
[SourceTitle "EXT 2023"]
[Source "ChessBase"]
[SourceDate "2022.10.05"]
[SourceVersion "1"]
[SourceVersionDate "2022.10.05"]
[SourceQuality "1"]
[WhiteTeam "Alcudia"]
[BlackTeam "Binissalem"]
[WhiteTeamCountry "ESP"]
[BlackTeamCountry "ESP"]

1. e4 d6 2. d4 g6 3. h4 Nf6 4. Bd3 Bg7 5. Be3 c6 6. Qd2 Ng4 7. Nf3 Nxe3 8. fxe3 0-0 9. h5 Bg4 10. h6 Bh8 11. Nc3 e5 12. 0-0-0 exd4 13. exd4 Bxf3 14. gxf3 Bxd4 15. Ba6 Qb6 16. Qxd4 Qxd4 17. Rxd4 Nxa6 18. Rxd6 Nc5 19. b4 Ne6 20. e5 a5 21. b5 Rfd8 22. bxc6 bxc6 23. Ne4 Rxd6 24. Nf6+ Kh8 25. exd6 Rd8 26. d7 Nc5 27. Re1 Ne6 28. Rxe6 fxe6 29. Kd2 1-0